Brighton & Hove Albion Squad 2020-2021 - Statistics

General Stats
  • This quiz has been taken 26 times
    20 since last reset
  • The average score is 20 of 32
Answer Stats
# Position Nation Player % Correct
1 GK Australia Mathew Ryan
93%
9 FW France Neal Maupay
93%
13 MF Germany Pascal Groß
93%
10 MF Argentina Alexis Mac Allister
86%
5 DF England Lewis Dunk
86%
26 GK Spain Robert Sánchez
86%
11 FW Belgium Leandro Trossard
79%
25 MF Ecuador Moisés Caicedo
79%
- Coach England Graham Potter
71%
23 GK England Jason Steele
71%
19 FW Colombia José Izquierdo
71%
20 MF England Solly March
71%
2 DF England Tariq Lamptey
71%
14 MF England Adam Lallana
64%
4 DF England Adam Webster
64%
3 DF England Ben White
64%
33 DF England Dan Burn
64%
21 FW Romania Florin Andone
64%
15 MF Poland Jakub Moder
64%
8 MF Mali Yves Bissouma
64%
30 DF Brazil Bernardo
57%
18 FW England Danny Welbeck
57%
24 MF Netherlands Davy Pröpper
57%
34 DF Netherlands Joël Veltman
57%
22 MF South Africa Percy Tau
57%
7 FW Ireland Aaron Connolly
50%
16 FW Iran Alireza Jahanbakhsh
43%
29 FW Switzerland Andi Zeqiri
43%
17 MF Colombia Steven Alzate
43%
31 GK England Christian Walton
29%
49 MF Ireland Jayson Molumby
21%
6 DF Poland Michal Karbownik
21%
No matching quizzes found
Score Distribution
Percent of People with Each Score
Percentile by Number Answered
Your Score History
You have not taken this quiz since the last reset